Tous les Pays qui Revendiquent l'Antarctique (France,Villes...) - Statistiques

Statistiques générales
  • Ce quiz a été pris 45 fois
  • Le résultat moyen est 5 sur 8
Statistiques - réponses
Classement (Par superficie) Pays % Correct
7 France
100%
5 argentine
79%
4 Chili
79%
1 Australie
74%
6 Nouvelle zélande
71%
8 Afrique du sud
64%
2 Norvège
60%
3 Royaume-unie
2%
Aucun quiz correspondant
Distribution des résultats
% des personnes avec chaque résultat
Percentile par nombre de réponses
Votre historique - résultats
Vous n’avez pas pris ce quiz